000 00662nam a2200217Ia 4500
003 GCL
008 140319s9999 xx 000 0 ara d
040 _aGCL /
_cGCL
082 0 4 _a001.552
_bف ص
100 1 _aفاروق ابوزيد
245 1 0 _aصفحات مجهولة من عصر التنوير الصحفى /
_cفاروق ابوزيد
260 _a[S.N] :
_bالعربى للنشر والتوزيع ،
_c1992
300 _a159 ص
490 _a
650 0 4 _aمصر
650 0 4 _aالصحافة العربية
650 0 4 _aوسائل الاعلام
650 0 4 _aالحكومة والصحافة
650 0 4 _aالتنوير
942 _2ddc
_cBK
999 _c29995
_d29995